000 00885nam0a22002771 4500
001 RU\NLR\INFOCOMM_190\5000067326
005 20250613095133.0
035 _a(NLR Aleph) 009286437
090 _a9193137
_c9193137
100 _a20100922d1978 |||y0rusy50 ca
101 1 _adut
102 _aRU
105 _aa ||||000|y
200 1 _aAnti-Dühring
_eDe heer Eugen Dührings omwenteling van de wetenschap
_fEngels
210 _aΜ.
_cProgress
_d1978
215 _a548 с., 1 л. портр.
_cпортр.
_d21 см
300 _aПеревод загл.: Анти-Дюринг
541 1 _aАнти-Дюринг
_zrus
686 _a146 (Анти-Дюринг)
_2rubbk
700 1 _9z01790
_aEngels
_bF.
_f1820-1895
_gFriedrich
_4070
790 1 _9z01700
_aEngels
_4070
801 1 _aRU
_bNLR
_c20100922
801 0 _aRU
_bNLR
_gPSBO
852 _aNLR
_jМЭ 107-77/1-3
942 _cBOOK
980 _aNB